ABC pionierov

Bibliographic Details
New Title:Prúd
Previous Title:Pionier
Other Authors: Fülöp, Oto, 1933-1995 (Publishing director), Heroldová, Jozefína, 1923- (Publishing director)
Format: Journal
Language:Slovak
PhysicalDescription:6 zv. 30 cm
Published: Bratislava SÚV ČSM v nakladteľstve Smena 1960-1965
ISSN:0452-1005
Subjects:

MARC

LEADER 00000cas a2200000 a 4500
001 vtls010299649
003 SK-MaSNL
005 20260228162729.0
008 110810d19601965xo mr|p 0 b0slo
022 |a 0452-1005 
035 |a (SVKBB03)vtls000115601 
040 |a SNK  |b slo  |c SNK  |e AACR2 
041 0 |a slo 
044 |a xo  |c SK 
072 7 |a 82-93  |x Literatúra pre deti a mládež (o nej)  |2 konspekt 
080 |a 379.8  |2 2001 
080 |a 82-93  |2 2001 
080 |a 79  |2 2001 
080 |a 087.5  |2 2001 
080 |a 050  |2 2001 
210 0 |a ABC pion. 
222 0 |a ABC pionierov 
245 0 0 |a ABC pionierov 
260 |a Bratislava  |b SÚV ČSM v nakladteľstve Smena  |c 1960-1965 
300 |a 6 zv.  |c 30 cm 
310 |a 1x mesačne 
362 0 |a Roč. I, č. 1 (január 1960)-roč. VI, č. 12 (1965) 
500 |a V tiráži: Náučno-zábavný magazín pre chlapcov a dievčatá 
500 |a Ved. red.: 1960-6/1962, Oto Fülöp; 7/1962-12/1965, J. Znášiková-Heroldová 
500 |a Vyd. SÚV ČSM v nakladateľstve Smena, Bratislava 
500 |a Tlač. Polygrafické závody, n. p., záv. v Bratislave 
500 |a Časopis od roku 1965/66 vychádza pod názvom Prúd 
500 |a Do roku 1959/60 vychádzal pod názvom Pionier 
525 |a Od č. 5/1960 pravidelná príl. Fülöp O.: Minúty života smrti (poviedky k 15. výročiu oslobodenia ČSR), formát 10 x 15 cm, posl. príl. pri č. 12/1960; R. 1962 od čís. 5 a roč. IV. od čís. 2 Bogomolov Vladimír : Ivan; roč. IV. (1963) od čís. 4 a roč. V. (1963/64) od čís. 5 Schell Walter : Osceola; od roč. V. (1963/64) od čís. 6 a roč. VI. (1964/65) od čís. 3 Kiršner L.: Šifrovaný lístok; roč. VI (1964/65) od čís. 6 a od čís. 12 Woroszylski Wiktor : Aj z teba bude Indián 
650 0 7 |a mládež  |2 SNKPH  |9 1575 
650 0 7 |a voľný čas  |2 SNKPH  |9 3355 
655 7 |a časopisy pre mládež  |2 SNKPH  |9 70792 
700 1 |a Fülöp, Oto,  |d 1933-1995  |4 pbd  |9 53191 
700 1 |a Heroldová, Jozefína,  |d 1923-  |4 pbd  |9 203075 
780 0 0 |t Pionier  |w vtls010301896 
785 0 0 |t Prúd  |w vtls001385080 
910 |a snk 
916 |a 1960-1964/65 
958 |a OND 
999 |c 8270  |d 10200 
952 |0 0  |1 0  |4 0  |7 0  |a SNK  |b SNK  |d 2000-03-09  |f 1  |i snkČSP 362/62  |l 0  |o snkČSB 1338/2/1961  |p 17A0231728  |r 2005-01-02 00:00:00  |t č. 1-12  |w 2026-02-21  |y PREZ 
952 |0 0  |1 0  |4 0  |7 0  |a SNK  |b SNK  |d 2014-05-30  |f 1  |i snkČSP 752/65  |l 0  |o snkČSB 1338/4/1963  |p 17A0750348  |r 2026-02-21 20:06:01  |t č. 1-7  |w 2026-02-21  |y PREZ 
952 |0 0  |1 0  |4 0  |7 0  |a SNK  |b SNK  |d 2000-03-09  |f 1  |i snkČSP 363/64  |l 0  |o snkČSB 1338/3/1962  |p 17A0231455  |r 2005-01-02 00:00:00  |t č. 1-12  |w 2026-02-21  |y PREZ 
952 |0 0  |1 0  |4 0  |7 0  |a SNK  |b SNK  |d 2013-07-11  |i snkČSP 593/62  |l 0  |o snkČSB 1338/1/1960 D1  |p 17A1022055  |r 2026-02-21 21:02:30  |t č. 1-12  |w 2026-02-21  |y PREZ 
952 |0 0  |1 0  |4 0  |7 0  |a SNK  |b SNK  |d 2013-07-11  |i snkČSP 594/62  |l 0  |o snkČSB 1338/2/1961 D1  |p 17A1022096  |r 2026-02-21 21:02:30  |t č. 1-12  |w 2026-02-21  |y PREZ 
952 |0 0  |1 0  |4 0  |7 0  |a SNK  |b SNK  |d 2013-07-11  |i snkČSP 401/64  |l 0  |o snkČSB 1338/3/1962 D1  |p 17A1022144  |r 2026-02-21 21:02:30  |t č. 1-12  |w 2026-02-21  |y PREZ 
952 |0 0  |1 0  |4 0  |7 0  |a SNK  |b SNK  |d 2013-07-11  |i snkČSP 491/66  |l 0  |o snkČSB 1338/4/1963 D1  |p 17A1022127  |r 2026-02-21 21:02:30  |t č. 1-7  |w 2026-02-21  |y PREZ 
952 |0 0  |1 0  |4 0  |7 0  |a SNK  |b SNK  |d 2013-07-11  |i snkČSP 1753/76  |l 0  |o snkČSB 1338/5/1963-64 D1  |p 17A1022703  |r 2026-02-21 21:02:30  |t č. 1-12  |w 2026-02-21  |y PREZ 
952 |0 0  |1 0  |4 0  |7 0  |a SNK  |b SNK  |d 2013-07-11  |i snkČSP 1574/67  |l 0  |o snkČSB 1338/6/1964-65 D1  |p 17A1022801  |r 2026-02-21 21:02:30  |t č. 1-12  |w 2026-02-21  |y PREZ 
952 |0 0  |1 0  |4 0  |7 0  |a SNK  |b SNK  |d 2014-05-30  |f 1  |i snkČSP 753/65  |l 0  |o snkČSB 1338/5/1963-64   |p 17A0750347  |r 2026-02-21 21:14:29  |t č. 1-12  |w 2026-02-21  |y PREZ 
952 |0 0  |1 0  |4 0  |7 0  |a SNK  |b SNK  |d 2014-05-30  |f 1  |i snkČSP 754/65  |l 0  |o snkČSB 1338/6/1964-65   |p 17A0750346  |r 2026-02-21 21:14:29  |t č. 1-12  |w 2026-02-21  |y PREZ 
952 |0 0  |1 0  |4 0  |7 0  |a SNK  |b SNK  |d 2014-05-30  |f 1  |i snkČSP 754/65  |l 0  |o snkČSB 1338/1965 príloha  |p 17A0750345  |r 2026-02-21 21:14:29  |t príloha   |w 2026-02-21  |y PREZ 
952 |0 0  |1 0  |4 0  |7 0  |a SNK  |b SNK  |d 1999-04-24  |f 1  |i snkČSP 1530/61  |l 0  |o snkČSB 1338/1/1960  |p 17A0096158  |r 2005-01-02 00:00:00  |t č. 1-12  |w 2026-02-21  |y PREZ